Vocabulaire : les gants - Statistiques

Statistiques générales
  • Ce quiz a été pris 23 fois
  • Le résultat moyen est 9 sur 33
Statistiques - réponses
Indice 1 Indice 2 Réponse % Correct
Alpin ou de fond S de {Ski}
76%
Pour le receveur ou le lanceur B de {baseball}
67%
Pour le chirurgien L de {latex}
67%
Sans doigts M {mitaines}
67%
Sans séparation entre les doigts M {moufles}
67%
Dans la sdb T de {toilette}
62%
Pour la femme de ménage N de {nettoyage}
52%
Pour l'automobiliste C de {conduite}
48%
On sort avec S de {soirée}
48%
Citadins V de {ville}
48%
Contre le froid ou le chaud T de protection {thermique}
43%
Au potager J de {jardinage}
38%
Sur deux roues M de {motard}
38%
Porté par le pratiquant du noble art B de {boxe}
33%
Pour le numéro 1 G de {goal}
29%
Immaculés pour Houdini M de {magicien}
29%
Pour le laboratoire C de protection {chimique}
29%
Pour tenir la crosse... ou pas H de {hockey}
24%
Pour le magasinier M de {manutention}
24%
Pour les Robin des bois en herbe T de {tir à l'arc}
14%
royaux S du {sacre}
10%
Gardent au sec H {hydrofuges}
10%
Blancs M de {mariée}
5%
Pour le médecin P de {palpation}
5%
Pour préserver des cordages V de {voile}
5%
Pour les lignes HT I {isolants}
5%
Pour éviter les entailles A {anti-coupure}
0%
Pour l'hiver C {chauffants}
0%
Sur le Tour de France ? C de [cycliste}
0%
Pour la réalité virtuelle D de {données}
0%
Souvent porté seul par ce joueur G de {goif}
0%
Religieux E {épiscopaux}
0%
Pour une représentation M {marionnette}
0%
Aucun quiz correspondant
Distribution des résultats
% des personnes avec chaque résultat
Percentile par nombre de réponses
Votre historique - résultats
Vous n’avez pas pris ce quiz